000 00620nam a2200181 a 4500
005 20230920063548.0
008 991125s1996 mon 000 0 spa u
020 _a2764102054
035 _aUPN01000036146
049 _aI
050 4 _aQA75
_bM3.48
245 0 0 _aMalabares numéricos :
_b101 maneras de entretenerse con una calculadora /
_cil. André Morin ; tr. Constanza Gechter.
260 _aMontreal, Can. :
_bTormont,
_c1996.
300 _a30 p. :
_bil. col. +
_e3 dados, calculadora y libreta de notas.
650 4 _aMáquinas calculadoras
_94487
650 0 _aRecreaciones matemáticas
_96050
905 _aInfantil
999 _c36146
_d36146